00458nam a2200193Ia 4500003000400000005001700004008004100021020001500062040000700077041001200084082001700096100001800113245002300131260003500154300001500189365001300204650003100217650001600248OSt20251024182040.0210423s1990 xx 000 0 und d a8171690629 cAL aEnglish a361.3 bGANS aAnjali Gandhi aSchool social work bCommonwealth Publicationc1990 axi,248bPB b500cINR aSocial Problems & Services aSocial Work